| 000 | 00890cab a2200265 4500 | ||
|---|---|---|---|
| 001 | ABS54128 | ||
| 008 | 090401t1995 xxu||||| |||| 00| 0 eng d | ||
| 035 | _a(Sirsi) u8706 | ||
| 041 | _aeng | ||
| 100 | _aDouglas, J. | ||
| 245 | _aInvestigating dry rot in buildings | ||
| 260 | _c1995 | ||
| 350 | _a0 | ||
| 490 |
_aBuilding Research and Information _v23(6) November/December 1995, 345-352(8) |
||
| 520 | _aDiscusses the conditions that are conducive to the growth of dry rot. Lists techniques for detecting dry rot and gives an inspection methodology. | ||
| 650 | _aBUILDING TIMBERS | ||
| 650 | _aDETECTION | ||
| 650 | _aBUILT ENVIRONMENT-BUILDING PATHOLOGY-INFESTATION (FUNGAL)-FUNGI-DRY ROT | ||
| 650 | _aTIMBER DECAY | ||
| 650 | _aTRADITIONAL CONSTRUCTION | ||
| 690 | _aBUILT ENVIRONMENT-BUILDING PATHOLOGY | ||
| 700 | _aSingh, J. | ||
| 942 | _n0 | ||
| 948 | _c04/03/1997 | ||
| 999 |
_c5399 _d5399 |
||